Recent Advances in Agent-based Complex Automated Negotiation

This book covers recent advances in Complex Automated Negotiations as a widely studied emerging area in the field of Autonomous Agents and Multi-Agent Systems. The book includes selected revised and extended papers from the 7th International Workshop on Agent-Based Complex Automated Negotiation (ACA...

Full description

Bibliographic Details
Corporate Author: SpringerLink (Online service)
Other Authors: Fukuta, Naoki (Editor), Ito, Takayuki (Editor), Zhang, Minjie (Editor), Fujita, Katsuhide (Editor), Robu, Valentin (Editor)
Format: Electronic eBook
Language:English
Published: Cham : Springer International Publishing : Imprint: Springer, 2016.
Series:Studies in Computational Intelligence, 638
Subjects:
Online Access:Full Text via HEAL-Link
LEADER 03088nam a22005295i 4500
001 978-3-319-30307-9
003 DE-He213
005 20160428173347.0
007 cr nn 008mamaa
008 160324s2016 gw | s |||| 0|eng d
020 |a 9783319303079  |9 978-3-319-30307-9 
024 7 |a 10.1007/978-3-319-30307-9  |2 doi 
040 |d GrThAP 
050 4 |a Q342 
072 7 |a UYQ  |2 bicssc 
072 7 |a COM004000  |2 bisacsh 
082 0 4 |a 006.3  |2 23 
245 1 0 |a Recent Advances in Agent-based Complex Automated Negotiation  |h [electronic resource] /  |c edited by Naoki Fukuta, Takayuki Ito, Minjie Zhang, Katsuhide Fujita, Valentin Robu. 
264 1 |a Cham :  |b Springer International Publishing :  |b Imprint: Springer,  |c 2016. 
300 |a XIII, 293 p. 86 illus., 79 illus. in color.  |b online resource. 
336 |a text  |b txt  |2 rdacontent 
337 |a computer  |b c  |2 rdamedia 
338 |a online resource  |b cr  |2 rdacarrier 
347 |a text file  |b PDF  |2 rda 
490 1 |a Studies in Computational Intelligence,  |x 1860-949X ;  |v 638 
505 0 |a Automated Negotiation Strategy and Model -- Applications of Automated Negotiations -- Automated Negotiating Agent Competition 2014. 
520 |a This book covers recent advances in Complex Automated Negotiations as a widely studied emerging area in the field of Autonomous Agents and Multi-Agent Systems. The book includes selected revised and extended papers from the 7th International Workshop on Agent-Based Complex Automated Negotiation (ACAN2014), which was held in Paris, France, in May 2014. The book also includes brief introductions about Agent-based Complex Automated Negotiation which are based on tutorials provided in the workshop, and brief summaries and descriptions about the ANAC'14 (Automated Negotiating Agents Competition) competition, where authors of selected finalist agents explain the strategies and the ideas used by them. The book is targeted to academic and industrial researchers in various communities of autonomous agents and multi-agent systems, such as agreement technology, mechanism design, electronic commerce, related areas, as well as graduate, undergraduate, and PhD students working in those areas or having interest in them. 
650 0 |a Engineering. 
650 0 |a Artificial intelligence. 
650 0 |a Game theory. 
650 0 |a Computational intelligence. 
650 1 4 |a Engineering. 
650 2 4 |a Computational Intelligence. 
650 2 4 |a Artificial Intelligence (incl. Robotics). 
650 2 4 |a Game Theory, Economics, Social and Behav. Sciences. 
700 1 |a Fukuta, Naoki.  |e editor. 
700 1 |a Ito, Takayuki.  |e editor. 
700 1 |a Zhang, Minjie.  |e editor. 
700 1 |a Fujita, Katsuhide.  |e editor. 
700 1 |a Robu, Valentin.  |e editor. 
710 2 |a SpringerLink (Online service) 
773 0 |t Springer eBooks 
776 0 8 |i Printed edition:  |z 9783319303055 
830 0 |a Studies in Computational Intelligence,  |x 1860-949X ;  |v 638 
856 4 0 |u http://dx.doi.org/10.1007/978-3-319-30307-9  |z Full Text via HEAL-Link 
912 |a ZDB-2-ENG 
950 |a Engineering (Springer-11647)